[Event "Mediterranean Open"]
[Site "Rijeka CRO"]
[Date "2008.12.02"]
[Round "5"]
[White "Steinhart,C"]
[Black "Rukavina,J"]
[Result "0-1"]
[WhiteElo "2027"]
[BlackElo "2429"]

1.e4 g6 2.d4 Bg7 3.Nc3 c6 4.Be3 Qb6 5.a3 Nf6 6.f3 O-O 7.Bd3 e5 8.Nge2 d5
9.Qd2 exd4 10.Bxd4 Qd8 11.O-O-O Be6 12.g4 dxe4 13.Nxe4 Nbd7 14.h4 Bd5 15.Nf4 Bxe4
16.Bxe4 Nxe4 17.fxe4 Bxd4 18.Qxd4 Qf6 19.Qe3 Ne5 20.g5 Qe7 21.h5 Rad8 22.Nd3 Nc4
23.Qf4 Rd4 24.Rde1 Re8 25.hxg6 fxg6 26.Qh4 Qg7 27.Rh2 Ne5 28.Nxe5 Rxe5 29.Reh1 Re7
30.Qf2 Qe5 31.Qf6 Rdd7 32.Qxe5 Rxe5 33.Rf2 Rxg5 34.Rhf1 Kg7 35.Rf8 Re5 36.Ra8 a6
37.b4 Rxe4 38.Rff8 h5 39.Rh8 Kf6 40.Raf8+ Kg5 41.Kb2 h4 42.Rf2 Rf4 43.Rh2 a5
44.Kb3 axb4 45.axb4 Re7 46.c3 b5  0-1

[Event "III Open"]
[Site "Palma de Mallorca ESP"]
[Date "2008.12.06"]
[Round "1"]
[White "Segui Patino,J"]
[Black "Djuric,S"]
[Result "0-1"]
[WhiteElo "2035"]
[BlackElo "2463"]

1.e4 g6 2.d4 Bg7 3.Nc3 c6 4.Bc4 d6 5.h3 Nf6 6.Bb3 Qc7 7.Nf3 e5 8.Bg5 O-O
9.O-O a5 10.a4 Nbd7 11.dxe5 dxe5 12.Qe2 Nc5 13.Bc4 Ne6 14.Bxe6 Bxe6 15.Rad1 Nh5
16.Qe3 Nf4 17.Qc5 b6 18.Qd6 Ra7 19.Qxc7 Rxc7 20.Bd8 Rb7 21.Rd6 Bd7 22.Bg5 Ne6
23.Ne2 f5 24.Be3 c5 25.c3 fxe4 26.Nd2 Nf4 27.Ng3 Bxa4 28.Nc4 Bb5 29.b3 a4
30.Rb1 axb3 31.Nxb6 c4 32.Nxe4 Rfb8 33.Kh2 Bf8 34.Rd2 Rxb6 35.Bxb6 Rxb6 36.Rd8 Kf7
37.Rc8 Nd3 38.Nd2 Nc5 39.f3 Bd6 40.Kg1 Ke6 41.Kf1  0-1

[Event "VII Pereyra Puebla Mem"]
[Site "Mendoza ARG"]
[Date "2008.12.11"]
[Round "8"]
[White "Perez Ponsa,F"]
[Black "Zuriel,M"]
[Result "1-0"]
[WhiteElo "2363"]
[BlackElo "2189"]

1.e4 g6 2.d4 Bg7 3.Nc3 c6 4.f4 d5 5.e5 h5 6.Be3 Nh6 7.Nf3 Bg4 8.h3 Nf5 9.Bf2 Bxf3
10.Qxf3 h4 11.Bd3 e6 12.O-O Nd7 13.Qd1 Bf8 14.Ne2 Be7 15.b3 Kf8 16.c4 Kg7
17.Qd2 Rh7 18.Rfc1 Nf8 19.c5 g5 20.Bxf5 exf5 21.fxg5 Bxg5 22.Be3 Rh5 23.Rf1 Ng6
24.Rf2 Bxe3 25.Qxe3 Qg5 26.Nf4 Nxf4 27.Rxf4 Rg8 28.Raf1 Kf8 29.R1f2 Ke7 30.Qf3 Ke6
31.Rg4  1-0

[Event "15th Croatian Open A"]
[Site "Zadar CRO"]
[Date "2008.12.17"]
[Round "5"]
[White "Mazi,L"]
[Black "Biliskov,V"]
[Result "1-0"]
[WhiteElo "2374"]
[BlackElo "2295"]

1.e4 g6 2.d4 Bg7 3.Nc3 c6 4.Nf3 d5 5.h3 Nf6 6.e5 Ne4 7.Nxe4 dxe4 8.Ng5 c5
9.e6 Bxe6 10.Nxe6 fxe6 11.dxc5 Nd7 12.c3 Nxc5 13.Bb5+ Kf7 14.O-O a6 15.Be2 Qxd1
16.Rxd1 Rhd8 17.Be3 Na4 18.Rab1 b5 19.Re1 Rab8 20.Kf1 b4 21.Bd1 Rxd1 22.Rexd1 bxc3
23.bxc3 Rc8 24.Rb3 Be5 25.Rc1 Bd6 26.c4 Bc5 27.Ke2 e5 28.Bxc5 Nxc5 29.Rb6 Ke8
30.a4 Kd7 31.a5 Kc7 32.Rd1 Na4 33.Rb3 Nc5 34.Rb2 Nb7 35.Rd5 e6 36.Rxe5 Kd6
37.Rg5  1-0

[Event "10th Mirko Srajber Mem"]
[Site "Subotica SRB"]
[Date "2008.12.18"]
[Round "2"]
[White "Nadj Hedjesi,B"]
[Black "Skoberne,J"]
[Result "1-0"]
[WhiteElo "2296"]
[BlackElo "2501"]

1.e4 g6 2.d4 Bg7 3.Nc3 c6 4.Nf3 d5 5.e5 Bg4 6.h3 Bxf3 7.Qxf3 e6 8.Be3 Ne7
9.g4 c5 10.dxc5 Nbc6 11.h4 Bxe5 12.Nb5 h5 13.O-O-O hxg4 14.Qxg4 Nf5 15.Bg5 Qa5
16.Kb1 a6 17.Nd6+ Nxd6 18.cxd6 Kd7 19.Rh3 Rac8 20.Rb3 b5 21.Be3 Qd8 22.Bg5 Qb6
23.Be3 d4 24.Bf4 Qc5 25.Bd3 f5 26.Qg3 Bxf4 27.Qxf4 Ne5 28.Rd2 Rh5 29.a4 Rch8
30.Bxb5+ Kxd6 31.Rxd4+ Ke7 32.Rc3  1-0

[Event "8th Amplico AIG Life Rapid"]
[Site "Warsaw POL"]
[Date "2008.12.20"]
[Round "5"]
[White "Mastrovasilis,D"]
[Black "Warakomski,T"]
[Result "0-1"]
[WhiteElo "2572"]
[BlackElo "2488"]

1.e4 g6 2.d4 Bg7 3.Nc3 c6 4.f4 d5 5.e5 Qb6 6.Na4 Qc7 7.h3 Nh6 8.g4 f6 9.Nf3 Nf7
10.b3 g5 11.exf6 exf6 12.Bd3 h5 13.Rg1 hxg4 14.hxg4 gxf4 15.Ba3 Kd8 16.Qd2 Ng5
17.Nxg5 fxg5 18.O-O-O Bxd4 19.Rh1 Qg7 20.Kb1 Bxg4 21.Rde1 Rxh1 22.Rxh1 Nd7
23.Qg2 Be6 24.Bd6 Bg8 25.c3 Bf6 26.Bf5 b5 27.Nb2 Ne5 28.Qf2 Be7 29.Qc5 Qf6
30.Bxe7+ Qxe7 31.Qd4 Qf6 32.Bc2 Nd7 33.Qg1 Kc7 34.Rh5 Qxc3 35.Rxg5 Be6 36.Nd3 Qd2
37.Rg7 Qe3 38.Qg5 Rf8 39.Qe7 Rg8 40.b4 Rxg7 41.Qxg7 Bf5 42.Nc5 Qe1+ 43.Kb2 Qxb4+
44.Nb3 Bxc2 45.Kxc2 Qe4+ 46.Kc1 Qe3+ 47.Kc2 Qe2+ 48.Kb1 Qe5 49.Qg1 Qe4+ 50.Kb2 Qe3
51.Qg4 Ne5 52.Qg7+ Kb6 53.Qf8 Nc4+ 54.Kc2 Qe2+ 55.Kc1 Qb2+ 56.Kd1 Qb1+ 57.Ke2 Qxa2+
58.Ke1 Qb1+ 59.Ke2 Qc2+ 60.Ke1 Qc3+ 61.Ke2 Qxb3 62.Qb8+ Ka6 63.Qc8+ Ka5 64.Qc7+ Kb4  0-1

[Event "8th Amplico AIG Life Rapid"]
[Site "Warsaw POL"]
[Date "2008.12.20"]
[Round "8"]
[White "Shirov,A"]
[Black "Warakomski,T"]
[Result "1-0"]
[WhiteElo "2726"]
[BlackElo "2488"]

1.e4 g6 2.d4 Bg7 3.Nc3 c6 4.Nf3 d6 5.Bg5 Qc7 6.Qd2 b5 7.O-O-O Nd7 8.h4 h5
9.e5 dxe5 10.dxe5 Nxe5 11.Nxe5 Bxe5 12.Bd3 Bd7 13.Rhe1 Rd8 14.Qe3 f6 15.Bxg6+ Kf8
16.f4 Bd6 17.Kb1 Bg4 18.f5 Bxd1 19.Qe6  1-0

[Event "Open A"]
[Site "Groningen NED"]
[Date "2008.12.21"]
[Round "1"]
[White "Hoffmann,Micha1"]
[Black "Daudzvardis,J"]
[Result "1/2-1/2"]
[WhiteElo "2469"]
[BlackElo "2196"]

1.d4 g6 2.e4 c6 3.Nc3 Bg7 4.Nf3 d5 5.h3 dxe4 6.Nxe4 Nf6 7.Nxf6+ exf6 8.Be3 O-O
9.Be2 Re8 10.O-O Be6 11.c4 Na6 12.Qd2 Nc7 13.Rfd1 g5 14.Qc2 h6 15.d5 cxd5
16.Nd4 Qe7 17.Bf3 Rac8 18.Qa4 a6 19.Nxe6 fxe6 20.cxd5 Nxd5 21.Bxd5 exd5 22.Rxd5 Red8
23.Rad1 Rxd5 24.Rxd5 Qf7 25.Qd1 Rc7 26.Rd8+ Kh7 27.g4 Qc4 28.Qf3 Qc2 29.Qd5 Re7
30.b3 Kg6 31.Kg2 h5 32.Rb8 hxg4 33.hxg4 Re5 34.Qf3 Re7 35.b4 Qc7 36.Qf5+ Kf7
37.Qd5+ Kg6 38.Rd8 Qc2 39.Bc5 Qe4+ 40.Qxe4+ Rxe4 41.Kf3 Rf4+ 42.Kg3 b6 43.Bxb6 Rxb4
44.Bc5 Rc4 45.Be7 Rc3+ 46.Kg2 Rc7 47.Bd6 Rc4 48.Kf3 f5 49.gxf5+ Kxf5 50.Ra8 g4+
51.Kg2 Ra4 52.a3 Bb2 53.Rf8+ Ke6 54.Bb4 a5 55.Ra8 Bxa3 56.Rxa5 Rxa5 57.Bxa5 Bc5
58.Bc7 Bxf2 59.Kxf2 g3+ 60.Bxg3  1/2-1/2

[Event "8th Amplico AIG Life Rapid"]
[Site "Warsaw POL"]
[Date "2008.12.21"]
[Round "9"]
[White "Zinchenko,Ya"]
[Black "Maciejewski,A"]
[Result "1-0"]
[WhiteElo "2536"]
[BlackElo "2358"]

1.e4 g6 2.d4 c6 3.Nc3 Bg7 4.Nf3 d6 5.h3 Nf6 6.Be3 O-O 7.Qd2 Nbd7 8.Bd3 e5
9.dxe5 dxe5 10.O-O Qe7 11.Ne2 Nc5 12.Qb4 Nfd7 13.a4 a5 14.Qa3 Re8 15.Nd2 Bf8
16.Qc3 Nxd3 17.cxd3 Qb4 18.Qc2 Nc5 19.Rfc1 Be6 20.Ra3 Na6 21.d4 exd4 22.Nxd4 Rad8
23.Nxe6 Rxe6 24.Nc4 Qe7 25.Nxa5 Qc7 26.Nc4 Bxa3 27.Bb6 Qd7 28.Bxd8 Bc5 29.Rd1 Qc8
30.Bg5 Re8 31.Qc3 Qe6 32.Bf6 Bb4 33.Qe5 Qxe5 34.Nxe5 Nc5 35.f3 h5 36.Rd4 Na6
37.Rd7 Nc5 38.Rxf7 Ne6 39.Rxb7 Bc5+ 40.Kf1 Bd4 41.Nd7 Ra8 42.Bxd4 Nxd4 43.b3 h4
44.Kf2 Rd8 45.Nf6+ Kf8 46.Ke3 Ne6 47.Nd7+ Ke8 48.Ne5 Rd1 49.Nxg6 Nc5 50.Rb6 Kd7
51.Ne5+  1-0

[Event "8th Amplico AIG Life Rapid"]
[Site "Warsaw POL"]
[Date "2008.12.21"]
[Round "11"]
[White "Erenska Barlo,H"]
[Black "Warakomski,T"]
[Result "0-1"]
[WhiteElo "2271"]
[BlackElo "2488"]

1.e4 g6 2.d4 Bg7 3.Nc3 c6 4.Nf3 d6 5.a4 a5 6.Bc4 Na6 7.O-O Nb4 8.h3 Nf6 9.Bg5 d5
10.exd5 Nbxd5 11.Re1 O-O 12.Qd2 Bf5 13.Bd3 Bxd3 14.Qxd3 Re8 15.Ne5 Qb6 16.Rab1 Rad8
17.Red1 Nh5 18.Nf3 Nhf4 19.Nxd5 Nxd5 20.c3 Qb3 21.c4 Qxd3 22.Rxd3 Nb4 23.Rd2 Rd7
24.b3 Red8 25.Rbd1 f6 26.Be3 Kf7 27.g3 Bf8 28.Kg2 e6 29.Rc1 Na6 30.Re2 g5
31.g4 h6 32.h4 c5 33.dxc5 Nxc5 34.hxg5 hxg5 35.Nd2 Nd3 36.Rc2 Bb4 37.Nf3 e5
38.Kg1 Kg6 39.Nh2 Rh8 40.Nf1 Nf4 41.Bxf4 gxf4 42.Nd2 Rd3 43.c5 Rdh3 44.Re4 Bxd2
45.Rxd2 f3  0-1

[Event "1st Asian Clubs"]
[Site "Al Ain UAE"]
[Date "2008.12.26"]
[Round "2"]
[White "Prathamesh,S"]
[Black "Al Hadarani,H"]
[Result "1-0"]
[WhiteElo "2392"]
[BlackElo "2308"]

1.e4 c6 2.d4 g6 3.Nc3 Bg7 4.Nf3 Nf6 5.Bd3 O-O 6.h3 d6 7.Be3 b5 8.Qd2 b4 9.Ne2 a5
10.a3 Na6 11.Ng3 Qc7 12.O-O c5 13.dxc5 dxc5 14.Bf4 Qa7 15.Bh6 Rd8 16.e5 Nd5
17.Bxg7 Kxg7 18.Nh5+ gxh5 19.Qg5+ Kf8 20.axb4 axb4 21.Bxh7 Ke8 22.Qg8+ Kd7
23.Qxf7 Kc6 24.e6 Qc7 25.Rfd1 Qd6 26.Ng5 Bb7 27.Rxd5 Qxd5 28.Be4 Nc7 29.Rxa8 Rxa8
30.Qxe7 Kb6 31.Bxd5 Bxd5 32.Qd6+ Bc6 33.Ne4 Nxe6 34.Nf6  1-0

[Event "1st Asian Clubs"]
[Site "Al Ain UAE"]
[Date "2008.12.27"]
[Round "3"]
[White "Kurukulasuriya,P"]
[Black "Kakageldyev,A"]
[Result "0-1"]
[WhiteElo "2092"]
[BlackElo "2449"]

1.e4 g6 2.d4 Bg7 3.Nc3 c6 4.Nf3 d6 5.a4 Nf6 6.Be2 O-O 7.O-O Nbd7 8.h3 Qc7
9.Be3 e5 10.Nd2 Ng4 11.hxg4 exd4 12.Bf4 dxc3 13.bxc3 Nc5 14.Ra3 Be6 15.f3 Rad8
16.Nc4 Bxc4 17.Bxc4 Qa5 18.Qd2 Nxe4 19.fxe4 Qc5+ 20.Kh1 Qxc4  0-1

[Event "5th Open"]
[Site "Vandoeuvre les Nancy FRA"]
[Date "2008.12.27"]
[Round "4"]
[White "Vigneron,Q"]
[Black "Svetushkin,D"]
[Result "0-1"]
[WhiteElo "1927"]
[BlackElo "2588"]

1.e4 g6 2.d4 Bg7 3.Nc3 c6 4.Be3 Qb6 5.Rb1 d6 6.Qd2 Nf6 7.Nf3 O-O 8.Be2 Nbd7
9.O-O Qc7 10.h3 b5 11.a3 Bb7 12.d5 a6 13.dxc6 Qxc6 14.Bd3 Nb6 15.Bxb6 Qxb6
16.Rfe1 Rac8 17.Qe3 Qc7 18.e5 dxe5 19.Nxe5 e6 20.Nf3 Nh5 21.Ne2 e5 22.Nc3 f5
23.Bf1 e4 24.Nd4 f4 25.Qd2 Rfd8  0-1

[Event "5th IRT"]
[Site "Merlo ARG"]
[Date "2009.01.06"]
[Round "9"]
[White "De Picciotto,M"]
[Black "Pagano,M"]
[Result "1/2-1/2"]
[WhiteElo "2070"]
[BlackElo "2049"]

1.e4 c6 2.d4 g6 3.Nc3 Bg7 4.f4 d5 5.Nf3 dxe4 6.Nxe4 Nf6 7.Bd3 Nxe4 8.Bxe4 Bf5
9.Bxf5 Qa5+ 10.c3 Qxf5 11.Qb3 Qb5 12.Qxb5 cxb5 13.Ne5 Nc6 14.Bd2 O-O 15.Ke2 Rfd8
16.a4 b4 17.Nxc6 bxc6 18.cxb4 Rxd4 19.g3 Rad8 20.Bc3 Re4+ 21.Kf3 Rc4 22.Rhd1 Rxd1
23.Rxd1 Bxc3 24.Rc1 Rxb4 25.Rxc3 Rxa4 26.Rxc6 Rb4 27.Rc7 Rb3+ 28.Kg4 e6 29.Rxa7 Rxb2
30.h4 h5+ 31.Kf3 Rb3+ 32.Kf2 Kg7 33.Kg2 Kf6 34.Rc7 Ra3  1/2-1/2

[Event "TCh-HUN 2008-9"]
[Site "Budapest HUN"]
[Date "2009.01.11"]
[Round "5"]
[White "Erdelyi,Z"]
[Black "Csom,I"]
[Result "1-0"]
[WhiteElo "2363"]
[BlackElo "2447"]

1.e4 c6 2.d4 g6 3.Nc3 Bg7 4.Nf3 d6 5.Bc4 Nf6 6.Qe2 b5 7.Bb3 b4 8.Qc4 O-O
9.Qxb4 a5 10.Qa3 Ne8 11.Bg5 h6 12.Bh4 Nc7 13.e5 Re8 14.O-O d5 15.Ba4 Ne6
16.Rfd1 f5 17.exf6 exf6 18.Ne5 Bf8 19.Qb3 Nxd4 20.Rxd4 Rxe5 21.Bg3 Kh7 22.Bxe5 fxe5
23.Rd2 Qc7 24.Ne2 Ra7 25.Qf3 Bg7 26.c4 Be6 27.Ng3 Nd7 28.Bxc6 e4 29.Qe3 Nb6
30.cxd5 Nc4 31.Qxe4 Nxd2 32.Qxe6 Nc4 33.Be8 Ne5 34.d6 Qb6 35.Re1 Qd4 36.d7 Rxd7
37.Rxe5  1-0

[Event "Bela Perenyi Mem"]
[Site "Budapest HUN"]
[Date "2009.01.12"]
[Round "4"]
[White "Suhajda,A"]
[Black "Llopis de Aysa,M"]
[Result "1-0"]
[WhiteElo "1644"]
[BlackElo "2155"]

1.e4 g6 2.d4 Bg7 3.Nc3 c6 4.Be3 d6 5.Qd2 b5 6.Bd3 Nd7 7.f4 Ngf6 8.h3 e5 9.Nf3 exd4
10.Nxd4 Bb7 11.g4 O-O 12.g5 b4 13.Nce2 c5 14.gxf6 Nxf6 15.O-O-O cxd4 16.Bxd4 Bxe4
17.Rhg1 Bxd3 18.Qxd3 a5 19.f5 Qe7 20.Nf4 Bh6 21.Rdf1 Nd5 22.fxg6 f6 23.Qc4 Qe4
24.Kb1 Bxf4 25.Rxf4 Qxf4 26.Qxd5+ Kg7 27.Qb7+  1-0

[Event "TCh-BEL 2008-9"]
[Site "Belgium BEL"]
[Date "2009.01.18"]
[Round "7"]
[White "Wemmers,X"]
[Black "Cekro,E"]
[Result "0-1"]
[WhiteElo "2397"]
[BlackElo "2419"]

1.e4 g6 2.d4 Bg7 3.Nc3 c6 4.Be3 d5 5.h3 dxe4 6.Nxe4 Nd7 7.Nf3 Ngf6 8.Ng3 Nd5
9.Bg5 h6 10.Bd2 c5 11.c4 Nc7 12.Bc3 O-O 13.Qd2 cxd4 14.Bxd4 e5 15.Be3 Kh7
16.h4 Nb6 17.O-O-O Qxd2+ 18.Rxd2 Be6 19.h5 g5 20.Bc5 Rfc8 21.Bd3+ Kh8 22.b3 Nb5
23.Be3 Nd5 24.Bc2 Nxe3 25.fxe3 Nc7 26.Be4 Rab8 27.Rhd1 b5 28.c5 Na6 29.c6 Nb4
30.Rd6 Bf8 31.Rxe6 fxe6 32.Nxe5 Nxa2+ 33.Kd2 Rc7 34.Ne2 Rd8+ 35.Nd4 Bg7 36.Ng6+ Kg8
37.Kc2 Nb4+ 38.Kb1 e5 39.Nxb5 Rxd1+ 40.Kb2 Rxc6 41.Ne7+ Kf7 42.Nxc6 Nxc6
43.Bxc6 a5 44.Kc2 Rd8 45.Be4 Bf8 46.Na7 Ke6 47.Nc6 Rc8 48.Kd3 Bb4 49.Kc4 Kd6
50.Kb5 Bd2 51.g4 Rc7 52.Nd8 Rc5+ 53.Kb6 Rc3 54.Nb7+ Ke7 55.Nxa5 Rxe3 56.Nc6+ Kd6
57.Bc2 Rc3 58.Nb4 Rc8  0-1

[Event "GM"]
[Site "Marianske Lazne CZE"]
[Date "2009.01.23"]
[Round "9"]
[White "Krejci,Jan2"]
[Black "Vokac,M"]
[Result "0-1"]
[WhiteElo "2426"]
[BlackElo "2454"]

1.e4 g6 2.d4 Bg7 3.Nc3 c6 4.f4 d5 5.e5 h5 6.Be3 Nh6 7.Nf3 Bg4 8.h3 Nf5 9.Bf2 Bxf3
10.Qxf3 h4 11.O-O-O e6 12.Bd3 Nd7 13.Ne2 Qa5 14.Kb1 O-O-O 15.Nc1 Bf8 16.Nb3 Qc7
17.a4 Kb8 18.Be1 c5 19.dxc5 Nxc5 20.Ba5 b6 21.Nxc5 Bxc5 22.Bc3 a5 23.g4 hxg3
24.Bxf5 gxf5 25.Qxg3 Qc6 26.b3 d4 27.Bb2 d3 28.cxd3 Rhg8 29.Qh4 Qd5 30.d4 Bxd4
31.Rh2 Qxb3 32.Rhd2 Rd5 33.Rc1 Bc5 34.Rxd5 Qxd5 35.Qf6 Rg2 36.Qh8+ Kb7 37.Qe8 Qe4+
38.Ka1 Qc6 39.Qxc6+ Kxc6 40.Rh1 Be3 41.Bc1 Bxc1 42.Rxc1+ Kd5 43.Rh1 Ke4 44.h4 Kxf4
45.h5 Kxe5 46.h6 Rg8 47.Kb2 Rh8 48.Kc3 Kf4 49.Kd4 e5+ 50.Kd5 e4 51.h7 e3
52.Kd4 e2 53.Re1 Kf3  0-1

[Event "7th Gibtelecom Masters"]
[Site "Caleta ENG"]
[Date "2009.01.27"]
[Round "1"]
[White "Bok,B"]
[Black "Del Rio de Angelis,S"]
[Result "1/2-1/2"]
[WhiteElo "2277"]
[BlackElo "2532"]

1.e4 g6 2.d4 Bg7 3.Nc3 c6 4.Nf3 d5 5.h3 dxe4 6.Nxe4 Nf6 7.Nxf6+ Bxf6 8.Be2 O-O
9.O-O Nd7 10.Bh6 Re8 11.c3 c5 12.dxc5 Nxc5 13.Be3 Qc7 14.Qd5 Ne6 15.Qc4 Bd7
16.Qxc7 Nxc7 17.Rfd1 Ba4 18.Rd2 b6 19.Bd1 Bc6 20.Nd4 Bb7 21.Ba4 Red8 22.Rad1 Rd6
23.Nb5 Rxd2 24.Rxd2 Nd5 25.Bh6 a6 26.Bb3 e6 27.Bxd5 exd5 28.Nd4 Re8 29.Be3 Bxd4
30.Rxd4 b5 31.Kf1  1/2-1/2

[Event "7th Gibtelecom Masters"]
[Site "Caleta ENG"]
[Date "2009.01.29"]
[Round "3"]
[White "Hartvig,O"]
[Black "Del Rio de Angelis,S"]
[Result "0-1"]
[WhiteElo "2237"]
[BlackElo "2532"]

1.e4 c6 2.d4 g6 3.Nc3 Bg7 4.Be3 Qb6 5.a3 d6 6.Bc4 Nf6 7.f3 d5 8.Bb3 dxe4
9.Qd2 O-O 10.O-O-O exf3 11.Nxf3 Bg4 12.Rhf1 Qa5 13.h3 Bxf3 14.Rxf3 e6 15.Kb1 Nbd7
16.Rdf1 Qa6 17.Bg5 Nd5 18.Nxd5 cxd5 19.Be7 Rfe8 20.Bg5 f6 21.Bh6 b5 22.h4 Re7
23.h5 Bxh6 24.Qxh6 Rg7 25.hxg6 Rxg6 26.Qh3 Qd6 27.Re1 f5 28.Rfe3 Re8 29.c3 Nf6
30.Bd1 Re7 31.Bf3 a5 32.Qh4 Ne4 33.Kc2 b4 34.axb4 axb4 35.g4 bxc3 36.Bxe4 Rxg4
37.Qf2 dxe4 38.Rxc3 Rc7 39.Re3 Rgg7 40.Rh3 f4 41.Rxc7 Rxc7+ 42.Kb1 e3 43.Qg2+ Rg7
44.Qe4 Qd5  0-1

[Event "7th Gibtelecom Masters"]
[Site "Caleta ENG"]
[Date "2009.01.31"]
[Round "5"]
[White "Van Eijk,S"]
[Black "Del Rio de Angelis,S"]
[Result "0-1"]
[WhiteElo "2355"]
[BlackElo "2532"]

1.e4 g6 2.d4 Bg7 3.Nc3 c6 4.Be3 Qb6 5.Rb1 Nf6 6.Be2 d6 7.Nf3 Qc7 8.h3 Nbd7
9.a4 O-O 10.O-O a6 11.Ra1 b6 12.g4 e5 13.dxe5 dxe5 14.Qd2 Bb7 15.g5 Nh5 16.Rfd1 Rad8
17.Bc4 Nc5 18.Qe1 Qe7 19.Rxd8 Rxd8 20.Rd1 Rxd1 21.Qxd1 Bc8 22.Kh2 b5 23.axb5 axb5
24.Ba2 Bf8 25.Qe2 Qd7 26.Ng1 b4 27.Nd1 Nxe4 28.Qc4 Qf5 29.Qxc6 Nf4 30.h4 Qg4
31.Bxf4 Qxf4+ 32.Kg2 Qg4+ 33.Kh2 Qxh4+ 34.Kg2 Qg4+ 35.Kh2 Nxg5 36.f3 Qh4+
37.Kg2 Bh3+ 38.Nxh3 Qxh3+ 39.Kf2 Qh2+ 40.Ke3 Qf4+ 41.Ke2 e4 42.fxe4 Qf3+
43.Ke1 Qg2 44.Nf2 Nf3+  0-1

[Event "Open"]
[Site "Moscow RUS"]
[Date "2009.02.01"]
[Round "2"]
[White "Cherenkova,K"]
[Black "Onischuk,V"]
[Result "0-1"]
[WhiteElo "2270"]
[BlackElo "2488"]

1.e4 g6 2.d4 Bg7 3.Nc3 c6 4.Nf3 d6 5.Be2 Nf6 6.O-O O-O 7.a4 a5 8.h3 Na6 9.Be3 Nb4
10.Qd2 Qc7 11.Bh6 e5 12.Bxg7 Kxg7 13.Rfe1 Re8 14.Bf1 h6 15.b3 b6 16.Na2 c5
17.Nxb4 cxb4 18.Rac1 Bb7 19.d5 Rac8 20.Bb5 Re7 21.Qe3 Nd7 22.Nd2 Nc5 23.f4 f5
24.exf5 gxf5 25.fxe5 dxe5 26.Nc4 Bxd5 27.Nxe5 Kh7 28.Qf4 Rf8 29.Bd3 Nxd3
30.Nxd3 Rxe1+ 31.Rxe1 Qg7 32.Re2 Be4 33.Qf2 Rg8 34.Nf4 Qa1+ 35.Kh2 Qe5 36.g3 Qa1
37.Ng2 Rg7 38.Qxb6 Qd1 39.Qe3 Qd6 40.Rd2 Qe5 41.Nf4 Qa1 42.Ng2 Qe5 43.Nf4 Qc3
44.Qxc3 bxc3 45.Rd1 Re7 46.Kg1 Bxc2 47.Rc1 Bxb3 48.Rxc3 Rb7 49.Rc5 Ra7 50.Rxf5 Bxa4
51.Rc5 Bb3 52.Kf2 a4 53.Rc1 a3 54.Ra1 a2 55.Nd3 Bf7 56.Ne5 Be6 57.Ke3 Rb7  0-1

[Event "Open"]
[Site "Moscow RUS"]
[Date "2009.02.01"]
[Round "2"]
[White "Airapetian,G"]
[Black "Burmakin,V"]
[Result "0-1"]
[WhiteElo "2346"]
[BlackElo "2623"]

1.e4 g6 2.d4 Bg7 3.Nc3 c6 4.Be3 d5 5.e5 Nh6 6.Qd2 Nf5 7.Bf4 h5 8.Nf3 Nd7
9.Ng5 Nf8 10.O-O-O Ne6 11.Nxe6 Bxe6 12.Be2 Qd7 13.g3 f6 14.h4 fxe5 15.Bxe5 Bxe5
16.dxe5 O-O-O 17.Na4 b6 18.Qb4 Qb7 19.Rd3 d4 20.Bf3 Bd5 21.Qd2 c5 22.Qd1 c4
23.Ra3 Bxf3 24.Qxf3 Qxf3 25.Rxf3 Rd5 26.b4 c3 27.Re1 Kb7 28.e6 a5 29.b5 Rxb5
30.a3 Rd5 31.Rd3 Rhd8 32.Red1 Kc6  0-1

[Event "Open A"]
[Site "Moscow RUS"]
[Date "2009.02.03"]
[Round "4"]
[White "Timofeev,Arty"]
[Black "Pichugin,An"]
[Result "1-0"]
[WhiteElo "2671"]
[BlackElo "2221"]

1.e4 c6 2.d4 g6 3.Nc3 Bg7 4.f4 d5 5.Nf3 Bg4 6.e5 h5 7.h3 Bxf3 8.Qxf3 e6 9.g3 Nh6
10.Be3 Nf5 11.Bf2 Nd7 12.g4 Ne7 13.Bd3 Qb6 14.O-O-O O-O-O 15.Kb1 Qb4 16.Ne2 c5
17.c3 Qa5 18.f5 gxf5 19.gxf5 Nc6 20.Nf4 cxd4 21.cxd4 Ndxe5 22.dxe5 Bxe5 23.Bc2 Qb5
24.Bb3 a5 25.a4 Qb4 26.Nd3 Qxb3 27.Nxe5 Qxf3 28.Nxf3 e5 29.Bh4 Rd7 30.Bf6 Re8
31.Rhe1 e4 32.Nd4 Rd6 33.Nxc6 Rxf6 34.Nd4 Kd7 35.Re3 Rb6 36.Rc3 Kd6 37.Nc2 Ke5
38.Rc5 Rd6 39.Ne3 b6 40.Nc4+ Kf4 41.Nxd6 Ke5  1-0

[Event "14th HIT Open"]
[Site "Nova Gorica SLO"]
[Date "2009.02.05"]
[Round "7"]
[White "De Val,D"]
[Black "Srebrnic,M"]
[Result "1/2-1/2"]
[WhiteElo "2237"]
[BlackElo "2323"]

1.d4 g6 2.e4 Bg7 3.Nc3 c6 4.a4 d6 5.Nf3 Nf6 6.Be2 Qc7 7.h3 e5 8.Be3 O-O 9.O-O Nbd7
10.Qd2 exd4 11.Bxd4 Re8 12.Bc4 Ne5 13.Nxe5 dxe5 14.Bc5 Be6 15.Bxe6 Rxe6 16.Rfd1 Bf8
17.Qe3 Nd7 18.Bxf8 Nxf8 19.Rd3 Qa5 20.Rad1 Rae8 21.b3 R6e7 22.Qd2 Kg7 23.Nb1 Qb6
24.Na3 Ne6 25.Nc4 Qc7 26.c3 Nc5 27.Nd6 Nxd3 28.Nxe8+ Rxe8 29.Qxd3 Qb6 30.b4 Re6
31.Qc4 Rf6 32.Rd2 h5 33.h4 Qc7 34.Qd3 Re6 35.g3 Kf8 36.Qe3 b6 37.Qh6+ Kg8
38.Qg5 Kg7 39.Rd3 Re7 40.Kg2 a6 41.c4 Re8 42.Qd2 Re6 43.Rd7 Qb8 44.Rd8 Qb7
45.Rd7 Qb8  1/2-1/2

[Event "TCh-HUN 2008-9"]
[Site "Budapest HUN"]
[Date "2009.02.08"]
[Round "7"]
[White "Szamoskozi,G"]
[Black "Csom,I"]
[Result "1/2-1/2"]
[WhiteElo "2319"]
[BlackElo "2447"]

1.e4 c6 2.d4 g6 3.Nc3 Bg7 4.Nf3 d6 5.Be3 b5 6.a3 a6 7.Qd2 Nd7 8.h3 Bb7 9.Bd3 Qc7
10.O-O Ngf6 11.Bh6 O-O 12.Rfe1 e5 13.dxe5 dxe5 14.Bxg7 Kxg7 15.Rad1  1/2-1/2

[Event "2nd Pfalz Open"]
[Site "Neustadt an der Weinstrasse GER"]
[Date "2009.02.19"]
[Round "6"]
[White "Gaponenko,I"]
[Black "Gharamian,T"]
[Result "0-1"]
[WhiteElo "2450"]
[BlackElo "2581"]

1.e4 g6 2.d4 Bg7 3.Nc3 c6 4.Nf3 d6 5.Be3 Qb6 6.Rb1 Nf6 7.h3 Qc7 8.Qd2 O-O
9.Bd3 e5 10.O-O Re8 11.Rfe1 Nbd7 12.Bf1 b5 13.b4 Bb7 14.Rbd1 a6 15.Bh6 c5
16.Bxg7 Kxg7 17.bxc5 exd4 18.Qxd4 dxc5 19.Qd6 Qa5 20.Re3 Rad8 21.Qh2 Nxe4
22.Nxe4 Bxe4 23.Ng5 Nf6 24.Rde1 Bxc2 25.Re7 Qxe1 26.Rxe1 Rxe1 27.Nf3 Red1
28.Qe5 Bd3 29.Nh2 Bxf1 30.Nxf1 Re8 31.Qc3 Ree1 32.g4 h6 33.h4 Rxf1+ 34.Kg2 Rg1+
35.Kf3 Rxg4  0-1

[Event "ch-EST"]
[Site "Rakvere EST"]
[Date "2009.02.20"]
[Round "1"]
[White "Vorobjov,P"]
[Black "Seeman,T"]
[Result "0-1"]
[WhiteElo "2110"]
[BlackElo "2401"]

1.e4 g6 2.d4 Bg7 3.Nc3 c6 4.Nf3 d5 5.h3 Nf6 6.e5 Ne4 7.Nxe4 dxe4 8.Ng5 c5
9.e6 fxe6 10.dxc5 Qd5 11.Bb5+ Nc6 12.Qe2 O-O 13.Bc4 Qxc5 14.Bxe6+ Bxe6 15.Nxe6 Qb4+
16.c3 Bxc3+ 17.bxc3 Qxc3+ 18.Qd2 Qxa1 19.O-O Qf6 20.Nxf8 Rxf8 21.Qd5+ Qf7
22.Qxe4 Qxa2 23.Bh6 Rd8 24.Rc1 Qd5 25.Qe3 e5 26.Rc5 Qd3 27.Qg5 Qd1+ 28.Kh2 Qd6
29.Qc1 Re8 30.Qc4+ Qe6 31.Qb5 Qf7 32.Rc3 Nd4 33.Qa4 b5 34.Qa5 Qxf2 35.Qa1 Qf6
36.Rc7 Nf5 37.Bd2 Re7 38.Rc8+ Kg7 39.Qc1 h6 40.g4 Nd4 41.Bxh6+ Kh7 42.Bf8 Qf2+
43.Kh1 Qf3+ 44.Kh2 Qf2+ 45.Kh1 Qh4 46.Qf1 Rd7 47.Bd6 Qg3 48.Qf8 Qxh3+ 49.Kg1 Qxg4+
50.Kf2 Qe2+ 51.Kg3 Nf5+ 52.Kh3 Qf3+ 53.Kh2 Qf2+  0-1

[Event "69th Noteboom Mem GpA"]
[Site "Leiden NED"]
[Date "2009.02.21"]
[Round "3"]
[White "Erwich,Frans"]
[Black "Straver,R"]
[Result "0-1"]
[WhiteElo "2084"]
[BlackElo "2206"]

1.d4 g6 2.e4 Bg7 3.Nc3 c6 4.Be3 d5 5.f3 dxe4 6.fxe4 Nf6 7.Nf3 O-O 8.Qd2 b5
9.Bd3 a6 10.a4 b4 11.Ne2 a5 12.c3 bxc3 13.bxc3 Nbd7 14.O-O Ng4 15.Bg5 f6
16.Qa2+ Kh8 17.Bd2 Nde5 18.Bc2 Nf7 19.Nf4 Qd6 20.Bb3 Ng5 21.Nxg5 fxg5 22.h3 gxf4
23.hxg4 e5 24.dxe5 Bxe5 25.Bd1 Qf6 26.g3 g5 27.Rc1 Ba6 28.c4 Bd4+ 29.Kg2 Qe5
30.gxf4 gxf4 31.Bf3 c5 32.Rh1 Bb7 33.Rh5 Qe6 34.Qb1 Rab8 35.Rch1 Rf7 36.Bxf4 Rbf8
37.Rf5 Rxf5 38.exf5 Qe2+  0-1

[Event "Spring"]
[Site "Mukachevo UKR"]
[Date "2009.02.23"]
[Round "1"]
[White "Bunda,V"]
[Black "Karalkin,M"]
[Result "1/2-1/2"]
[WhiteElo "2267"]
[BlackElo "2190"]

1.e4 g6 2.d4 Bg7 3.Nc3 c6 4.Nf3 d6 5.h3 b5 6.a3 a6 7.Be3 Nf6 8.Bd3 O-O 9.O-O Nbd7
10.Qd2 Qc7 11.Rfe1 Bb7 12.Rad1 Rfe8 13.Bh6 e5 14.Bxg7 Kxg7 15.dxe5 Nxe5 16.Nh2 Rad8
17.f4 Nxd3 18.cxd3 c5 19.Qf2 c4 20.Qd4 cxd3 21.Rxd3 Qc5 22.Kf2 Qxd4+ 23.Rxd4 Nh5
24.g3 f5 25.Nf3 Nf6 26.exf5 Rxe1 27.Nxe1 gxf5 28.Nf3 h6 29.Nh4 Ne4+ 30.Nxe4 Bxe4
31.g4 Kf6 32.Nf3 Ke7 33.g5 Rc8 34.gxh6 Bxf3 35.Kxf3 Rh8  1/2-1/2

[Event "25th Open"]
[Site "Cappelle la Grande FRA"]
[Date "2009.03.05"]
[Round "7"]
[White "Apicella,M"]
[Black "Poley,V"]
[Result "1-0"]
[WhiteElo "2517"]
[BlackElo "2342"]

1.e4 g6 2.d4 Bg7 3.Nc3 c6 4.Nf3 d5 5.h3 Nh6 6.Be2 f6 7.O-O O-O 8.Bf4 Nf7
9.Bh2 e6 10.Re1 Nd7 11.Bf1 Re8 12.Qd3 Nf8 13.Rad1 Bh6 14.Na4 b6 15.b3 Bd7
16.c3 Re7 17.Qc2 Be8 18.c4 dxe4 19.Qxe4 Nd6 20.Qb1 Rd7 21.g4 g5 22.Bg2 Rc8
23.Nc3 Bf7 24.h4 gxh4 25.Nxh4 Ne8 26.Nf3 Ng6 27.Ne4 Nf4 28.g5 Nxg2 29.Kxg2 fxg5
30.Ne5 Rb7 31.Re3 Bg7 32.Rh3 h5 33.Nxf7 Rxf7 34.Rxh5 Rf5 35.Be5 g4 36.Rdh1 Bxe5
37.dxe5 Qd4 38.Rh8+ Kg7 39.R1h7+ Kg6 40.Re7 Nf6 41.exf6 Rxh8 42.Rg7+ Kh6
43.Qc1+  1-0

[Event "TCh-BEL 2008-9"]
[Site "Belgium BEL"]
[Date "2009.03.08"]
[Round "10"]
[White "Ahn,M"]
[Black "Safranska,A"]
[Result "1/2-1/2"]
[WhiteElo "2321"]
[BlackElo "2314"]

1.e4 g6 2.d4 Bg7 3.Nc3 c6 4.Nf3 d6 5.Be3 Nd7 6.Qd2 b5 7.Bd3 Qc7 8.O-O Ngf6
9.Bh6 O-O 10.Ne2 e5 11.c3 Re8 12.Bxg7 Kxg7 13.Ng3 Rb8 14.b4 Nf8 15.Rfe1 h6
16.Bc2 Ne6 17.Rad1 Nf4 18.dxe5 dxe5 19.Qd6 Rb7 20.Bb3  1/2-1/2